[Event "Washington Class Championships"]
[Site "Lynnwood, WA"]
[Date "2016.11.27"]
[Round "5"]
[White "Norovsambuu Badamkhand  (WA)"]
[Black "Sinanan Joshua  (WA)"]
[Result "0-1"]
[WhiteElo "2082"]
[BlackElo "2241"]
[Annotator ""]
[Source ""]
[Remark "Master"]

1.d4 Nf6 2.c4 c5 3.dxc5 Na6 4.Nf3 Nxc5 5.Nc3 d6 6.g3 g6 7.Bg2
Bg7 8.O-O O-O 9.Nd4 a6 10.b4 Ne6 11.e3 Qc7 12.Qb3 Nxd4 13.exd4
Be6 14.d5 Bf5 15.c5 dxc5 16.Bf4 c4 17.Bxc7 cxb3 18.Be5 b2 19.Rad1
Rac8 20.Rd2 Ne4 21.Nxe4 Bxe5 22.Rdd1 Rc4 0-1

[Event "Washington Class Championships"]
[Site "Lynnwood, WA"]
[Date "2016.11.27"]
[Round "6"]
[White "Yu Jason  (WA)"]
[Black "Xing Kerry  (WA)"]
[Result "1/2-1/2"]
[WhiteElo "1999"]
[BlackElo "2154"]
[Annotator ""]
[Source ""]
[Remark "Expert"]

1.e4 e6 2.d4 d5 3.Nc3 Bb4 4.exd5 exd5 5.Bd3 Nf6 6.Nge2 O-O 7.O-O
c6 8.Bg5 Bd6 9.h3 Re8 10.Kh1 Nbd7 11.f4 b6 12.Ng3 Qc7 13.Qf3
Bb7 14.Nf5 Bf8 15.Qg3 Kh8 16.Qh4 c5 17.Nh6 cxd4 18.Nb5 Qc5 19.Nxf7+
Kg8 20.Bxf6 Nxf6 21.Nh6+ Kh8 22.Ng4 Ne4 23.Ne5 Be7 24.Ng6+ Kg8
25.Nxe7+ Rxe7 26.a3 Re6 27.b4 Qf8 28.Nxd4 Rh6 29.Qe1 Re8 30.Bxe4
Rxe4 31.Qd2 Rh4 32.c3 1/2-1/2

[Event "Washington Class Championships"]
[Site "Lynnwood, WA"]
[Date "2016.11.27"]
[Round "5"]
[White "Xing Kerry  (WA)"]
[Black "Ramasamy Vikram  (WA)"]
[Result "0-1"]
[WhiteElo "2154"]
[BlackElo "2051"]
[Annotator ""]
[Source ""]
[Remark "Expert"]

1.d4 Nf6 2.c4 c5 3.d5 b5 4.cxb5 a6 5.bxa6 g6 6.Nc3 Bg7 7.e4 O-O
8.Nf3 Qa5 9.Bd2 Bxa6 10.Bxa6 Qxa6 11.Qe2 d6 12.Qxa6 Nxa6 13.Ke2
Rfb8 14.Rab1 Nd7 15.b3 Rb4 16.Kd3 c4+ 17.Ke3 Nac5 18.Na4 c3 19.Nxc3
Bxc3 20.Bxc3 Rxe4+ 21.Kd2 Rxa2+ 22.Rb2 Nxb3+ 23.Kc2 Rxb2+ 24.Kxb2
Nbc5 25.Bd4 Nb6 26.Ra1 f6 27.Rd1 Re2+ 28.Ka3 Kf7 29.h4 Rc2 30.h5
Nxd5 31.hxg6+ hxg6 32.Bxc5 Rxc5 33.Kb2 Nf4 34.g3 Nh3 35.Rd2 Rf5
36.Nd4 Rxf2 37.Kc3 Rxd2 38.Kxd2 e5 39.Nb5 d5 40.Ke3 Ke6 41.Nc7+
Kd6 42.Ne8+ Ke7 43.Nc7 d4+ 44.Ke4 Ng5+ 45.Kd3 f5 46.Nd5+ Kd6
47.Nf6 Ne6 48.g4 e4+ 49.Kc4 Ke5 50.Nd7+ Kf4 51.gxf5 gxf5 52.Kd5
d3 53.Kxe6 d2 0-1

[Event "Washington Class Championships"]
[Site "Lynnwood, WA"]
[Date "2016.11.27"]
[Round "5"]
[White "Cigan Jason  (OR)"]
[Black "Sang Tian  (WA)"]
[Result "0-1"]
[WhiteElo "2219"]
[BlackElo "2373"]
[Annotator ""]
[Source ""]
[Remark "Master"]

1.e4 e5 2.Nf3 Nc6 3.Bb5 f5 4.d3 fxe4 5.dxe4 Nf6 6.O-O d6 7.Nc3
Be7 8.Bc4 Na5 9.Be2 O-O 10.Nd5 Kh8 11.Nxe7 Qxe7 12.Qd3 Nc6 13.Be3
Ng4 14.Bg5 Qf7 15.Nd2 Qh5 16.Bxg4 Bxg4 17.Qg3 Qxg5 0-1

[Event "Washington Class Championships"]
[Site "Lynnwood, WA"]
[Date "2016.11.27"]
[Round "5"]
[White "Dhingra Sangeeta  (WA)"]
[Black "Edwards Gary  (WA)"]
[Result "1/2-1/2"]
[WhiteElo "1862"]
[BlackElo "1800"]
[Annotator ""]
[Source ""]
[Remark "Class A"]

1.e4 c5 2.Nf3 e6 3.d4 cxd4 4.Nxd4 Nc6 5.Nc3 a6 6.Be3 Qc7 7.Be2
Nf6 8.O-O Bb4 9.f3 O-O 10.Na4 Be7 11.Nb3 b5 12.Nb6 Rb8 13.Nxc8
Qxc8 14.c3 d5 15.Nd2 dxe4 16.fxe4 e5 17.Qe1 Ng4 18.Bxg4 Qxg4
19.Rf3 Bg5 1/2-1/2

[Event "Washington Class Championships"]
[Site "Lynnwood, WA"]
[Date "2016.11.27"]
[Round "5"]
[White "Abdiev Bulan  (WA)"]
[Black "Clark Chris  (WA)"]
[Result "1-0"]
[WhiteElo "1213"]
[BlackElo "836"]
[Annotator ""]
[Source ""]
[Remark "Class E"]

1.e4 e5 2.Nf3 Nc6 3.Bc4 Bc5 4.Nc3 Nf6 5.d3 d6 6.Bg5 O-O 7.Nd5
Bg4 8.h3 Qc8 9.Bxf6 Bxf3 10.Qxf3 Nd4 11.Ne7+ Kh8 12.Bxg7+ Kxg7
13.Qg3+ Kf6 14.Qh4+ Kg7 15.Qg5+ Kh8 16.Qf6# 1-0

[Event "Washington Class Championships"]
[Site "Lynnwood, WA"]
[Date "2016.11.27"]
[Round "5"]
[White "Baxter Brent  (WA)"]
[Black "Olson Travis  (WA)"]
[Result "1/2-1/2"]
[WhiteElo "1889"]
[BlackElo "1883"]
[Annotator ""]
[Source ""]
[Remark "Class A"]

1.b3 d5 2.e3 e5 3.Bb2 Bd6 4.c4 Nf6 5.Nc3 d4 6.Nb5 c5 7.Nxd6+
Qxd6 8.exd4 exd4 9.d3 O-O 10.Be2 Re8 11.Nf3 b6 12.O-O Bb7 13.Nd2
Nc6 14.Bf3 Rab8 15.Ne4 Nxe4 16.Bxe4 Ne5 17.f3 Ng6 18.Qd2 Re7
19.Rae1 Qc7 20.Bc1 Rbe8 21.Qf2 Rf8 1/2-1/2

[Event "Washington Class Championships"]
[Site "Lynnwood, WA"]
[Date "2016.11.27"]
[Round "5"]
[White "Ye Daniel  (WA)"]
[Black "Xue Henry  (WA)"]
[Result "0-1"]
[WhiteElo "428"]
[BlackElo "801"]
[Annotator ""]
[Source ""]
[Remark "Class E"]

1.e4 d5 2.exd5 Nf6 3.Bc4 c6 4.dxc6 Nxc6 5.Nc3 Ne5 6.Be2 Qb6 7.d4
Neg4 8.h3 Nh6 9.Bxh6 gxh6 10.Bb5+ Bd7 11.Bxd7+ Nxd7 12.b3 Qc6
13.Qf3 Qe6+ 14.Nge2 Bg7 15.O-O-O O-O 16.Qxb7 Qf5 17.Qf3 Qg6 18.Nd5
Rfe8 19.Rhe1 e6 20.Nef4 Qf5 21.g4 Qg5 22.Nc7 Rac8 23.Na6 Qa5
24.Qb7 Qxa2 25.Qxa7 Qxc2# 0-1

[Event "Washington Class Championships"]
[Site "Lynnwood, WA"]
[Date "2016.11.27"]
[Round "5"]
[White "Szeto Sophie  (WA)"]
[Black "Hitchcock Brandon  (WA)"]
[Result "1-0"]
[WhiteElo "1376"]
[BlackElo "1182"]
[Annotator ""]
[Source ""]
[Remark "Class C"]

1.e4 e6 2.d4 d5 3.e5 c5 4.c3 Nc6 5.Nf3 Nge7 6.Be2 Nf5 7.O-O Qb6
8.a3 cxd4 9.cxd4 Nfxd4 10.Nxd4 Nxd4 11.Be3 Nxe2+ 12.Qxe2 Qc7
13.Bd2 Be7 14.Nc3 a6 15.Rac1 Qb8 16.Na4 Bd7 17.Nb6 Bb5 18.Qe3
Bxf1 19.Nxa8 Bb5 ( 19...Qxa8 ) 20.Nc7+ Kd7 21.Nxb5 axb5 22.Qb6
Rc8 23.Qxb5+ Kd8 24.Ba5+ 1-0

[Event "Washington Class Championships"]
[Site "Lynnwood, WA"]
[Date "2016.11.27"]
[Round "5"]
[White "Fagundes Frank  (WA)"]
[Black "Lapenna Richard  (CAN)"]
[Result "1-0"]
[WhiteElo "1791"]
[BlackElo "1770"]
[Annotator ""]
[Source ""]
[Remark "Class A"]

1.d4 Nf6 2.c4 g6 3.Nc3 d5 4.Nf3 Bg7 5.Qb3 dxc4 6.Qxc4 O-O 7.Bf4
Ne8 8.e4 Nd6 9.Qb3 Nc6 10.d5 Na5 11.Qa4 c6 12.Bxd6 exd6 13.Be2
cxd5 14.Nxd5 Bxb2 15.Rb1 Bg7 16.O-O Nc6 17.Rfe1 Bd7 18.Rxb7 Ne5
19.Qc2 Nc6 20.Reb1 Rc8 21.Qd2 Re8 22.Qf4 Be6 23.Bb5 Nd4 24.Nxd4
Be5 25.Nxe6 1-0

[Event "Washington Class Championships"]
[Site "Lynnwood, WA"]
[Date "2016.11.27"]
[Round "5"]
[White "He Samuel  (WA)"]
[Black "Doknjas Joshua  (CAN)"]
[Result "1-0"]
[WhiteElo "2259"]
[BlackElo "2236"]
[Annotator ""]
[Source ""]
[Remark "Master"]

1.e4 c5 2.Nf3 d6 3.d4 cxd4 4.Nxd4 Nf6 5.Nc3 a6 6.Bg5 Nbd7 7.Qe2
h6 8.Bh4 g6 9.f4 e5 10.O-O-O exd4 11.e5 dxc3 12.exf6+ Ne5 13.fxe5
Be6 14.Qe4 Rc8 15.Qxb7 cxb2+ 16.Qxb2 Rb8 17.Qa3 d5 18.Qxa6 Qd7
19.Bf2 Bb4 20.Qa7 Qc8 21.Ba6 Qd8 22.Bc5 Bc3 23.Bb7 Bb2+ 24.Kd2
Bd7 25.Bb6 Rxb7 26.Qxb7 Qc8 27.Qxc8+ Bxc8 28.Rb1 Ba3 29.Rb3 Bf8
30.Rc3 1-0

[Event "Washington Class Championships"]
[Site "Lynnwood, WA"]
[Date "2016.11.27"]
[Round "5"]
[White "Lewis-Sandy Joshua  (WA)"]
[Black "Esposito Jason  (NY)"]
[Result "0-1"]
[WhiteElo "1512"]
[BlackElo "1401"]
[Annotator ""]
[Source ""]
[Remark "Class C"]

1.Nc3 d5 2.e4 c6 3.Nf3 dxe4 4.Nxe4 Bf5 5.Ng3 Bg6 6.Bc4 e6 7.O-O
Nd7 8.Re1 Be7 9.c3 Qb6 10.d4 Ngf6 11.Nh4 Nd5 12.Nxg6 hxg6 13.Qf3
N7f6 14.b4 Nxc3 15.Bxe6 Qxd4 16.Bxf7+ Kxf7 17.Rxe7+ Kxe7 18.Bb2
Rhe8 19.Bxc3 Qd5 20.Qf4 Kf7 21.f3 Qd3 22.Bxf6 gxf6 23.Qh4 Qe3+
24.Kf1 Kg7 25.Qg4 Qe5 26.Rd1 Rad8 27.Rd7+ Rxd7 28.Qxd7+ Re7 29.Qd2
Qd5 30.Qc2 Qb5+ 31.Kf2 Qxb4 32.Ne4 Qd4+ 33.Kg3 f5 34.Ng5 f4+
35.Kg4 Re5 36.Qb3 Rxg5+ 0-1

[Event "Washington Class Championships"]
[Site "Lynnwood, WA"]
[Date "2016.11.27"]
[Round "5"]
[White "Sunku Charith  (WA)"]
[Black "Haining Breck  (WA)"]
[Result "1-0"]
[WhiteElo "1133"]
[BlackElo "1300"]
[Annotator ""]
[Source ""]
[Remark "Class D"]

1.e4 g6 2.d4 Bg7 3.Nf3 d6 4.Nc3 Nf6 5.g3 O-O 6.Bg2 c6 7.Qe2 b5
8.a3 a5 9.Bd2 Ba6 10.b4 axb4 11.axb4 Nbd7 12.O-O Qc7 13.h3 Bb7
14.e5 dxe5 15.dxe5 Ne8 16.e6 Ndf6 17.Ng5 Nd6 18.exf7+ Nxf7 19.Ne6
Qe5 20.Qxe5 Nxe5 21.Nxf8 Kxf8 22.Rxa8+ Bxa8 23.Nxb5 Nd5 24.Bxd5
cxd5 25.Nc7 Bb7 26.Ne6+ Kf7 27.Nxg7 Nf3+ 28.Kg2 Nxd2 29.Re1 d4+
30.f3 Bxf3+ 31.Kf2 Kxg7 32.Rxe7+ Kf6 33.Rd7 Bc6 34.Rxd4 Ne4+
35.Kf3 Ng5+ 36.Ke3 Nf7 37.c4 1-0

[Event "Washington Class Championships"]
[Site "Lynnwood, WA"]
[Date "2016.11.27"]
[Round "5"]
[White "He Daniel  (WA)"]
[Black "Zavortnik Matt  (OR)"]
[Result "1/2-1/2"]
[WhiteElo "2302"]
[BlackElo "2132"]
[Annotator ""]
[Source ""]
[Remark "Master"]

1.c4 b6 2.Nc3 Bb7 3.e4 e6 4.Nf3 Bb4 5.Bd3 Ne7 6.O-O O-O 7.Bc2
f5 8.Qe2 Bxc3 9.dxc3 Qe8 10.Bg5 fxe4 11.Bxe4 Bxe4 12.Qxe4 Nbc6
13.Rad1 Ng6 14.Rfe1 h6 15.Be3 d6 16.b4 Rd8 17.Nd4 Nce5 18.f3
c5 19.Nb3 Qf7 20.Bf2 Qf4 21.Bg3 Qxe4 22.Rxe4 Rfe8 23.Kf2
( 23.bxc5 bxc5 24.Na5 $16 ) Nf7 24.h4 e5 25.h5 Ne7 26.Bh4 Rc8
27.Bxe7 Rxe7 28.Rg4 Rec7 29.b5 Rd8 30.Rd5 Ng5 31.Nd2 Rf7 32.Ke3
Kf8 33.g3 1/2-1/2

[Event "Washington Class Championships"]
[Site "Lynnwood, WA"]
[Date "2016.11.27"]
[Round "5"]
[White "Doknjas John  (CAN)"]
[Black "Haining Kyle  (WA)"]
[Result "0-1"]
[WhiteElo "2256"]
[BlackElo "2273"]
[Annotator ""]
[Source ""]
[Remark "Master"]

1.d4 g6 2.c4 Bg7 3.e4 d6 4.Nc3 Nf6 5.Nf3 O-O 6.h3 c5 7.d5 e6
8.Bd3 exd5 9.exd5 Qe7+ 10.Be3 Bh6 11.O-O Bxe3 12.Re1 Bxf2+ 13.Kxf2
Qd8 14.Qd2 Kg7 15.Kg1 Re8 16.Rf1 Nbd7 17.Qf4 Ne5 18.Nxe5 Rxe5
19.Rae1 Qe7 20.Qh4 Nxd5 21.Qxe7 Nxe7 22.Nb5 Be6 23.Rxe5 dxe5
24.Nc7 Rd8 25.Nxe6+ fxe6 26.Rf3 Rd4 27.Re3 Kf6 28.Rf3+ Nf5 29.Bf1
e4 30.Ra3 e3 31.g4 Rd1 32.Kg2 Nh4+ 33.Kg3 Rxf1 0-1

[Event "Washington Class Championships"]
[Site "Lynnwood, WA"]
[Date "2016.11.27"]
[Round "5"]
[White "Pupols Viktors  (WA)"]
[Black "Kuhner Mary  (WA)"]
[Result "1-0"]
[WhiteElo "2200"]
[BlackElo "1979"]
[Annotator ""]
[Source ""]
[Remark "Master"]

1.d4 e6 2.e4 d5 3.e5 c5 4.c3 Nc6 5.Nf3 Qb6 6.a3 cxd4 7.cxd4 Nge7
8.Nc3 Nf5 9.Be3 Bd7 10.b4 Rc8 11.Na4 Qd8 12.Nc5 b6 13.Nd3 Be7
14.Be2 O-O 15.O-O f6 16.Qd2 Nxe3 17.Qxe3 f5 18.Nfe1 g5 19.f4
g4 20.Rf2 Kh8 21.Bf1 g3 22.hxg3 Rg8 23.Rd2 Qf8 24.Nf2 Rg6 25.g4
fxg4 26.g3 h5 27.Nd1 Rh6 28.Rh2 a5 29.Nf2 axb4 30.axb4 Qg7 31.b5
Na5 32.Ng2 Be8 33.Nh4 Bxh4 34.Rxh4 Bg6 35.Rc1 Rxc1 36.Qxc1 Bf5
37.Nd3 Qd7 38.Nb4 Kg7 39.Nc6 Kg6 40.Nxa5 bxa5 41.Rh2 Rh8 42.Ra2
Rc8 43.Qa3 Qa7 44.Qe3 a4 45.Qd2 Bb1 46.Rb2 Be4 47.b6 Qb7 48.Qb4
Rc1 49.Kf2 Rc2+ 50.Rxc2 Bxc2 51.Qc5 1-0

[Event "Washington Class Championships"]
[Site "Lynnwood, WA"]
[Date "2016.11.27"]
[Round "5"]
[White "Bravo Angelo  (WA)"]
[Black "Hendricks David  (WA)"]
[Result "1-0"]
[WhiteElo "1618"]
[BlackElo "1753"]
[Annotator ""]
[Source ""]
[Remark "Class B"]

1.Nf3 c5 2.e4 Nc6 3.Nc3 e6 4.d3 h6 5.Bd2 a6 6.g3 b5 7.Bg2 Rb8
8.e5 Bb7 9.Qe2 Nd4 10.Qd1 Qc7 11.O-O Nxf3+ 12.Bxf3 Ne7 13.Bg2
g5 14.Re1 Ng6 15.Ne4 Bxe4 16.Rxe4 Nxe5 17.Bc3 Bg7 18.Qe2 d6 19.f4
b4 20.Bxe5 dxe5 21.fxe5 O-O 22.Rf1 Rbd8 23.Qe3 Rd5 24.Re1 Rfd8
25.h4 gxh4 26.gxh4 Rd4 27.Qg3 Kh8 28.R1e3 Rg8 29.Qf4 Rxe4 30.Rxe4
Qe7 31.Re3 f6 32.exf6 Qxf6 33.Qxf6 Bxf6 34.Rxe6 Bd4+ 35.Kh2 Kg7
36.Rxa6 Rf8 37.Be4 Rf2+ 38.Kg3 Rxc2 39.Rg6+ Kf7 40.Rxh6 Rxb2
41.h5 Rxa2 42.Bd5+ 1-0

[Event "Washington Class Championships"]
[Site "Lynnwood, WA"]
[Date "2016.11.27"]
[Round "5"]
[White "Lee Boas  (WA)"]
[Black "Christy John  (WA)"]
[Result "1-0"]
[WhiteElo "1580"]
[BlackElo "1451"]
[Annotator ""]
[Source ""]
[Remark "Class C"]

1.c4 Nf6 2.Nc3 e5 3.d3 Bb4 4.a3 Bxc3+ 5.bxc3 c5 6.e4 O-O 7.Be2
d6 8.f4 Nbd7 9.Nf3 Re8 10.O-O b6 11.h3 Bb7 12.f5 Qc7 13.g4 Rad8
14.Qc2 Nf8 15.Nh2 b5 16.g5 N6d7 17.cxb5 c4 18.Be3 cxd3 19.Bxd3
Nc5 20.c4 Rc8 21.Rac1 Qa5 22.Bxc5 Rxc5 23.a4 d5 24.Qf2 d4 25.g6
f6 26.gxh7+ Nxh7 27.h4 Qc7 28.Qg3 Qf7 29.Rf2 Kh8 30.Rg2 Rg8 31.Nf3
Qh5 32.Nd2 Nf8 33.Qg4 Qxg4 34.Rxg4 Nd7 35.Nb3 Rgc8 36.Kf2 R5c7
37.a5 Nc5 38.Nxc5 Rxc5 39.Rcg1 R5c7 40.a6 Ba8 41.h5 Kh7 42.Rh4
Rg8 43.Rg6 1-0

[Event "Washington Class Championships"]
[Site "Lynnwood, WA"]
[Date "2016.11.27"]
[Round "5"]
[White "He Anthony  (WA)"]
[Black "Perez Ignacio  (WA)"]
[Result "0-1"]
[WhiteElo "2235"]
[BlackElo "2253"]
[Annotator ""]
[Source ""]
[Remark "Master"]

1.e4 d6 2.d4 g6 3.Nc3 Bg7 4.Nf3 Nf6 5.Be2 O-O 6.O-O Nbd7 7.e5
Ne8 8.Bf4 c5 9.dxc5 Nxc5 10.Qd2 Bf5 11.Rad1 Rc8 12.Nd4 Ne4 13.Qe3
Nxc3 14.bxc3 Bd7 15.Bf3 Qa5 16.Nb3 Qa6 17.Rfe1 Be6 18.Nd4 Bc4
19.exd6 exd6 20.Qe7 d5 21.Bg4 Ra8 22.Bf3 Nf6 23.Qd6 Qxd6 24.Bxd6
Rfd8 25.Be7 Rd7 26.Nb3 Re8 27.Bc5 Rxe1+ 28.Rxe1 Ne4 29.Bxa7 Bxc3
30.Rd1 b5 31.Be3 f5 32.Nd2 Nxd2 33.Bxd2 Bxd2 34.Rxd2 Bxa2 35.Kf1
Kf8 36.Ke2 Ke7 37.Ke3 Kd6 38.Kd4 Rc7 39.Be2 Bc4 40.Bf3 Ra7 41.h4
Ra4 42.g3 Be2+ 43.Ke3 Bxf3 44.Kxf3 Kc5 45.Rd3 Rc4 46.c3 d4 47.cxd4+
Rxd4 48.Ra3 b4 49.Ra8 b3 50.Rc8+ Kb4 51.Ke3 Rd7 52.Rb8+ Kc3 53.Rc8+
Kb2 54.Rb8 Kc2 55.f3 Rc7 0-1

[Event "Washington Class Championships"]
[Site "Lynnwood, WA"]
[Date "2016.11.27"]
[Round "5"]
[White "Karis-Sconyers Eleanor  (WA)"]
[Black "Wang Everett  (WA)"]
[Result "0-1"]
[WhiteElo "808"]
[BlackElo "1125"]
[Annotator ""]
[Source ""]
[Remark "Class E"]

1.e4 e6 2.c4 Nc6 3.Nc3 Nf6 4.d3 Bb4 5.Bd2 O-O 6.Nf3 d5 7.cxd5
exd5 8.exd5 Nxd5 9.Be2 Qf6 10.Nxd5 Bxd2+ 11.Qxd2 Qe6 12.Nxc7
Qd6 13.Nxa8 Bf5 14.Nb6 axb6 15.O-O Rc8 16.Rac1 Ra8 17.a3 g6 18.Rc4
Kg7 19.Qc3+ f6 20.Qd2 b5 21.Rh4 g5 22.Nxg5 fxg5 23.Qxg5+ Bg6
24.Qxb5 Ra7 25.Bf3 Bxd3 26.Qg5+ Bg6 27.Bxc6 bxc6 28.g3 Re7 29.Qh6+
Kg8 30.f4 {??} Qd4+ ( 30...Re2 ) 31.Kg2 Qe4+ 32.Kh3 Bf5+ 33.Rg4+
Bxg4+ 34.Kxg4 Qe2+ 35.Kh4 Qxh2+ 36.Kg5 Rg7+ 37.Qxg7+ Kxg7 38.Kg4
Qe2+ 39.Kf5 Qxf1 40.Ke6 Qe2+ 41.Kd6 Qxb2 42.Kxc6 Qxa3 43.Kd5
Qxg3 44.Ke4 Kf6 45.f5 Qg4+ 46.Kd5 Qxf5+ 47.Kd4 Ke6 48.Ke3 Qg4
49.Kd3 Qf4 50.Kc3 Qe4 51.Kd2 Qf3 52.Kc2 Qe3 53.Kd1 Qf2 54.Kc1
Qe2 55.Kb1 Qd2 56.Ka1 Kd5 57.Kb1 Kc4 58.Ka1 Kb3 59.Kb1 Qb2# 0-1

[Event "Washington Class Championships"]
[Site "Lynnwood, WA"]
[Date "2016.11.27"]
[Round "5"]
[White "Yan Jeffrey  (WA)"]
[Black "Taylor Thomas  (WA)"]
[Result "1-0"]
[WhiteElo "1799"]
[BlackElo "1600"]
[Annotator ""]
[Source ""]
[Remark "Class B"]

1.e4 c5 2.Nc3 Nc6 3.Bb5 e6 4.Bxc6 bxc6 5.f4 d5 6.d3 Ne7 7.Nf3
g6 8.O-O Bg7 9.Bd2 O-O 10.Qe1 Qb6 11.Rb1 c4+ 12.Kh1 cxd3 13.cxd3
Ba6 14.Qf2 dxe4 15.Nxe4 Rad8 16.Ne1 Nf5 17.Bc3 Rd7 18.Nf6+ Bxf6
19.Bxf6 Qe3 20.Qc2 Bxd3 21.Nxd3 Qxd3 22.Qxc6 Ne3 23.Rfc1 Nd1
24.Qf3 Qxf3 25.gxf3 Nf2+ 26.Kg2 Nd3 27.Rc4 Rb8 28.a3 Rd5 29.b4
Rf5 30.Bg5 f6 31.Rd4 fxg5 32.Rxd3 gxf4 33.Re1 Rb6 34.Rd7 Rf7
35.Rd8+ Kg7 36.Re4 g5 37.h4 h6 38.Re8 Ra6 39.R8xe6 Rxa3 40.hxg5
hxg5 41.R4e5 Rc7 42.Rxg5+ Kf7 43.Re2 Kf6 44.Rge5 Rb3 45.Re6+
Kf7 46.R6e4 Rb7 47.Rxf4+ Kg6 48.Ree4 Rb2+ 49.Kg3 Rb5 50.Re6+
Kg5 51.Rg4+ Kf5 52.Reg6 Ke5 53.R6g5+ 1-0

[Event "Washington Class Championships"]
[Site "Lynnwood, WA"]
[Date "2016.11.27"]
[Round "5"]
[White "Zhang Kyle  (WA)"]
[Black "Vijayakumar Advaith  (WA)"]
[Result "1/2-1/2"]
[WhiteElo "1337"]
[BlackElo "1457"]
[Annotator ""]
[Source ""]
[Remark "Class C"]

1.e4 e6 2.d4 d5 3.Nd2 Nf6 4.e5 Nfd7 5.Bd3 c5 6.c3 Nc6 7.Ne2 Qb6
8.Nf3 cxd4 9.cxd4 f6 10.exf6 Nxf6 11.O-O Bd6 12.Re1 O-O 13.Bf4
Bxf4 14.Nxf4 Nb4 15.b3 Nxd3 16.Qxd3 Ne4 17.Ne2 Bd7 18.Nc3 Nxc3
19.Qxc3 Rac8 20.Qd3 Rce8 21.Rac1 Bb5 22.Qd2 Re7 23.Rc2 Qd6 24.Ne5
Rc7 25.Rxc7 Qxc7 26.Rc1 Qb6 27.Qb4 Re8 28.a4 Be2 29.Qxb6 axb6
30.Rc7 Bd1 31.b4 Bxa4 32.Rxb7 Rc8 33.f3 h6 34.Rxb6 Rc1+ 35.Kf2
Rc2+ 36.Kg3 Rd2 37.Rxe6 Rxd4 38.Rd6 Rxb4 39.Rxd5 Rb5 40.Rxb5
Bxb5 41.Kg4 Kh7 42.h4 Ba6 43.h5 Bc8+ 44.Kh4 Bf5 45.g4 Bc2 46.f4
Be4 47.g5 hxg5+ 48.fxg5 Bb1 49.Kg3 Bc2 50.Kf4 Bd1 51.Ng4 1/2-1/2

[Event "Washington Class Championships"]
[Site "Lynnwood, WA"]
[Date "2016.11.27"]
[Round "5"]
[White "Anthony Ralph  (WA)"]
[Black "Buck Stephen  (WA)"]
[Result "1/2-1/2"]
[WhiteElo "1601"]
[BlackElo "1703"]
[Annotator ""]
[Source ""]
[Remark "Class B"]

1.e4 c5 2.Nf3 d6 3.d4 cxd4 4.Nxd4 Nf6 5.f3 e6 6.c4 Nc6 7.Nc3
Be7 8.Be3 a6 9.Be2 O-O 10.O-O Bd7 11.Qd2 Rc8 12.Rfd1 Re8 13.Rac1
Qc7 14.Kh1 Qb8 15.Nc2 Ne5 16.Na3 Bc6 17.h3 Red8 18.Bf1 d5 19.Bb6
Rd7 20.exd5 exd5 21.c5 Bd8 22.Qd4 Bxb6 23.cxb6 Rcd8 24.Nc2 Ng6
25.Re1 Nf8 26.Nb4 Ne6 27.Nxc6 Nxd4 28.Nxb8 Rxb8 29.Red1 Nc6 30.Na4
d4 31.Bc4 Ne5 32.Nc5 Rd6 33.Na4 Nfd7 34.f4 Nxc4 35.Rxc4 d3 36.Rd2
Rd8 37.Rc7 Nxb6 38.Nxb6 Rxb6 39.Rxd3 Rf8 40.Rb3 Rxb3 41.axb3
Rb8 42.g4 g6 43.Kg2 b5 44.b4 Rb6 45.Kf3 Rd6 46.Ra7 Rd2 47.Rxa6
Rxb2 48.Rb6 Rxb4 49.g5 Kg7 50.Rb7 Rb1 51.Kg4 b4 52.Kg3 b3 53.Kg2
b2 54.Kh2 h6 55.Kg2 hxg5 56.fxg5 Kf8 57.Kh2 Ke8 58.Kg2 Kd8 59.Kh2
Kc8 60.Rb5 Kc7 61.Rb3 Kd6 62.Rb6+ Ke5 63.Rb5+ Ke4 64.Rb4+ Kd5
65.Rb5+ Kc4 66.Rb8 Kc3 67.Rc8+ Kd3 68.Rd8+ Ke4 69.Rb8 Kf4 70.Rb5 1/2-1/2

[Event "Washington Class Championships"]
[Site "Lynnwood, WA"]
[Date "2016.11.27"]
[Round "5"]
[White "Gregg Bruce  (WA)"]
[Black "Elisara Travis  (WA)"]
[Result "1-0"]
[WhiteElo "1777"]
[BlackElo "1669"]
[Annotator ""]
[Source ""]
[Remark "Class B"]

1.Nf3 c5 2.g3 g6 3.Bg2 Bg7 4.O-O Nc6 5.c4 Nf6 6.Nc3 O-O 7.d4
cxd4 8.Nxd4 Rb8 9.h3 a6 10.Be3 Qa5 11.Nxc6 bxc6 12.Qd2 Rd8 13.Bf4
e5 14.Be3 d5 15.Nd1 Qxd2 16.Bxd2 Bf5 17.Ba5 Rd7 18.b3 Ne8 19.Rc1
Bh6 20.e3 Bd3 21.cxd5 cxd5 22.Re1 e4 23.Nb2 d4 24.Rcd1 dxe3 25.fxe3
f5 26.Bf1 Bb5 27.Bc4+ Kg7 28.Kf2 Nd6 29.Be6 Rbb7 30.Bxd7 Rxd7
31.a4 Bc6 32.Bb4 Nf7 33.Rxd7 Bxd7 34.Rd1 Be6 35.Bc3+ Kf8 36.b4
Bg5 37.b5 axb5 38.axb5 Bd8 39.Bd4 Ke8 40.Rc1 Nd6 41.b6 Kd7 42.Na4
Bd5 43.Be5 Nb7 44.Bc7 Bc6 45.Bxd8 Nxd8 46.Nc5+ Kd6 47.Na6 Nb7
48.Nb4 Nc5 49.Nxc6 Nd3+ 50.Kf1 Nxc1 51.b7 Kxc6 52.b8Q Nd3 53.Qh8
h5 54.Qf6+ Kd5 55.Qxg6 Ke5 56.Qxh5 Nb4 57.Qe8+ Kf6 58.Qf8+ Kg5
59.Qg7+ Kh5 60.h4 1-0

[Event "Washington Class Championships"]
[Site "Lynnwood, WA"]
[Date "2016.11.27"]
[Round "5"]
[White "Campbell Tim  (WA)"]
[Black "Chen Minda  (WA)"]
[Result "1/2-1/2"]
[WhiteElo "1792"]
[BlackElo "1637"]
[Annotator ""]
[Source ""]
[Remark "Class B"]

1.e4 c5 2.Nf3 e6 3.c3 Nf6 4.e5 Nd5 5.d4 cxd4 6.cxd4 Nc6 7.Nc3
Nxc3 8.bxc3 d6 9.Bb5 dxe5 10.Bxc6+ bxc6 11.Nxe5 Qd5 12.O-O Be7
13.c4 Qd6 14.Qf3 Bf6 15.Ba3 Qc7 16.Rfe1 Ba6 17.Rab1 Rc8 18.Qb3
Rd8 19.Bc5 Bxe5 20.Rxe5 Bc8 21.Qb8 Rd7 22.Bxa7 Qxb8 23.Rxb8 Rb7
24.Rxb7 Bxb7 25.Bc5 Kd7 26.Re2 Ra8 27.Rb2 Bc8 28.a3 Ra4 29.Bb4
Ba6 30.Rc2 g6 31.f4 f5 32.Kf2 Bb7 33.Ke3 Ra8 34.Ra2 Ke8 35.Bd6
Kd7 36.Be5 Ra4 37.c5 Ba6 38.h3 Bc4 39.Ra1 Bd5 40.g4 Kc8 41.Bf6
Bc4 42.Bh4 Kd7 43.Be1 Ke7 44.Bd2 Kf7 45.g5 Kg8 46.h4 Kf7 47.Bc1
Bb5 48.Bb2 Rc4 49.Rc1 Rxc1 50.Bxc1 Ke7 51.Bd2 Kd7 52.Ba5 Kc8
53.Kd2 Kb7 54.Kc3 Ka6 55.Bd8 Be2 56.a4 Bd1 57.a5 Be2 58.d5 exd5
59.Kd4 Bd1 60.Ke5 Bf3 61.Kd6 Kb7 62.Bf6 d4 63.Bxd4 Ka6 64.Bc3
Kb7 65.Ke7 Ka6 66.Kf7 Kb5 67.Kg7 Kxc5 68.Kxh7 Bh5 69.Kg7 Kb5
70.Kf6 c5 71.Ke5 c4 72.Kd4 Bg4 73.Ke5 1/2-1/2

[Event "Washington Class Championships"]
[Site "Lynnwood, WA"]
[Date "2016.11.27"]
[Round "6"]
[White "Deng Samuel  (WA)"]
[Black "Baxter Brent  (WA)"]
[Result "0-1"]
[WhiteElo "1781"]
[BlackElo "1889"]
[Annotator ""]
[Source ""]
[Remark "Class A"]

1.d4 Nf6 2.c4 e6 3.g3 Bb4+ 4.Bd2 Bxd2+ 5.Nxd2 O-O 6.Bg2 d6 7.e3
Re8 8.Ne2 Nc6 9.O-O e5 10.dxe5 dxe5 11.a3 a5 12.Nc3 Bg4 13.Bf3
Bxf3 14.Nxf3 e4 15.Nd4 Ne5 16.Qe2 Qc8 17.Kg2 c5 18.Ndb5 Qc6 19.Rad1
Rad8 20.Rxd8 Rxd8 21.Rd1 Rd3 22.Kg1 Qd7 23.Rxd3 exd3 24.Qf1 Nxc4
25.b3 Ne5 26.e4 Nxe4 0-1

[Event "Washington Class Championships"]
[Site "Lynnwood, WA"]
[Date "2016.11.27"]
[Round "6"]
[White "Fagundes Frank  (WA)"]
[Black "Dhingra Sangeeta  (WA)"]
[Result "0-1"]
[WhiteElo "1791"]
[BlackElo "1862"]
[Annotator ""]
[Source ""]
[Remark "Class A"]

1.d4 Nf6 2.c4 e6 3.Nf3 d5 4.Bg5 Be7 5.Nc3 Nbd7 6.e3 c6 7.Rc1
h6 8.Bh4 O-O 9.Bd3 dxc4 10.Bxc4 b5 11.Bd3 Bb7 12.O-O a6 13.Bb1
c5 14.Ne5 cxd4 15.exd4 b4 16.Qc2 g5 17.Na4 Rc8 18.Qe2 Rxc1 19.Rxc1
gxh4 20.Qe3 Nxe5 21.dxe5 Qd5 22.f3 Ng4 23.Qf4 Nxe5 24.Qxh6 f5
25.Nb6 Qd4+ 26.Kh1 Qxb6 27.Re1 Rf6 28.Qg5+ Rg6 29.Qxe7 Qf2 30.Qd8+
Kg7 31.Qe7+ Nf7 32.Rg1 Bxf3 0-1

[Event "Washington Class Championships"]
[Site "Lynnwood, WA"]
[Date "2016.11.27"]
[Round "6"]
[White "Sang Tian  (WA)"]
[Black "Perez Ignacio  (WA)"]
[Result "0-1"]
[WhiteElo "2373"]
[BlackElo "2253"]
[Annotator ""]
[Source ""]
[Remark "Master"]

1.e4 g6 2.d4 Bg7 3.Nc3 d6 4.f4 Nd7 5.Nf3 c5 6.d5 a6 7.a4 Nh6
8.Bd3 O-O 9.O-O Qa5 10.Kh1 b5 11.e5 f5 12.Ra2 b4 13.Ne2 Bb7 14.Bc4
Nb6 15.Qd3 e6 16.Nd2 exd5 17.Qf3 Nxc4 18.Nxc4 dxc4 19.Qxb7 dxe5
20.Qd5+ Kh8 21.Qxc4 e4 22.Be3 Ng4 23.Bg1 Rfe8 24.h3 Nf6 25.c3
e3 26.Rf3 Re4 27.Qb3 Rae8 28.Ra1 c4 29.Qxb4 Qxb4 30.cxb4 Nd5
31.Rd1 Nxb4 32.b3 c3 33.Nc1 e2 0-1